000 00579cam a22002053a 4500
001 40619
003 PGUSA
005 20140828083916.0
008 120829s2012||||xxu|||||s|||||000 | eng d
040 _aPGUSA
_beng
042 _adc
100 1 _aBurney, Fanny,
_d1752-1840
245 1 0 _aCamilla; or, A Picture of Youth
_h[electronic resource] /
_cFanny Burney
260 _bProject Gutenberg,
_c2012
506 _aPublic domain in the USA.
516 _aElectronic text
830 0 _aProject Gutenberg
_v40619
856 4 0 _uhttp://www.gutenberg.org/ebooks/40619
942 _cEB
999 _c269872
_d269872